000 00290nam a22001337a 4500
008 171102b xxu||||| |||| 00| 0 eng d
020 _a0070480248
041 _aeng
080 _22ND
_a339.138
100 _a60
101 _aMAR
245 _aDIRECT MARKETING
_cNASH,E.L
942 _2udc
_cBK
999 _c37272
_d37272